000 01477nam a22003977a 4500
003 CHAP
005 20220329141547.0
008 971013s1983 es a r 00010 spa d
010 _a70139
011 _a71111
035 _a80665
040 _cCHAP
082 0 4 _a636.20824
_bC3
100 0 0 _aCalcedo Ordóñez, Victoriano.
_917328
245 1 _aBases técnicas y aplicativas de la mejora genética del ganado vacuno lechero
260 _a[Madrid] :
_bServicio de Publicaciones Agrarias,
_c1983
300 _a258 p.
_b: ilus.; gráfs.
490 _aSerie técnica. Folleto
500 _aD19-172
590 _aBATCH-UPD
_b10
_c20130110
_lUCH01
_h0118
590 _aBATCH-UPD
_b10
_c20130110
_lUCH01
_h0615
590 _aBATCH-UPD
_b10
_c20130409
_lUCH01
_h2112
590 _aBATCH-UPD
_b10
_c20130410
_lUCH01
_h1014
590 _aBATCH-UPD
_b10
_c20130914
_lUCH01
_h0815
590 _aCONVERSION
_b10
_c20130109
_lUCH01
_h1339
650 1 4 _aGanado lechero
_xGenética.
_945267
650 1 4 _aGanado lechero
_xMejoramiento.
_945274
650 1 4 _aGanado vacuno
_xGenética.
_945470
650 1 4 _aGanado vacuno
_xMejoramiento.
_945480
710 0 _aEspaña. Ministerio de Agricultura, Pesca y Alimentación.
_937712
830 0 0 _aSerie técnica. Folleto
_9105063
901 _aBK
942 _cLIBRO
949 _a636.20824 C3
_bBC
_cLIBRO
_d33724000099099
_eLIBRO
_fc.2
_h73268
_i80665
_si
_t8.10
949 _a636.20824 C3
_bBC
_cLIBRO
_d33724000099248
_eLIBRO
_gI. 135502
_h73267
_i80665
_si
_t8.10
999 _c70139
_d70139